00695nam a2200193 a 450000100100000000500170001000800410002702000150006804000250008308200150010810000240012324501200014726000360026730000280030350400310033104900090036295201130037199900170048400002249320200930021635.0101012s1999 dr a 000 0 spa d a8484003000 aDO-SdBNPbspacBNPHU axxxbP798i1 aPons, Nelson94634013aLa influencia de la luna :buna investigación científica realizada en la República Dominicana /cNelson Pons. aSanto Domingo :bTaller,c1999. a114 p. :bil. ;c23 cm. aBibliografías p. 113-114 aBNPD 0010718PDaPDbPDcCTd2010-10-12iLF1l0oxxx P798ip22493-10r2020-06-25w2020-06-25yLFPDZNo se presta c21991d21991